000 00542nam a2200181Ia 4500
003 GCL
008 140319s9999 xx 000 0 ara d
040 _aGCL /
_cGCL
082 0 4 _a811.9
_bا ف
100 1 _aاسامة شهاب
245 1 0 _aفخاريات: شعر /
_cاسامة شهاب
300 _a104 ص
490 _aاصوات ادبية
_v0
650 0 4 _aالادب العربى
650 0 4 _aالشعر العربى - دواوين وقصائد
650 0 4 _aالشعر العربى - العصر الحديث
942 _2ddc
_cBK
999 _c50705
_d50705